000 00925nam a2200229Ii 4500
003 JO-AjNU
008 230605s9999||||xx |||||||||||||| ||und||
017 _a2021/9/5483
020 _a978-9957-94-703-3
040 _aJO-AjNU
_bara
_erda
_cJO-AjNU
041 _aara
050 1 4 _aDS154 .16 2021
100 3 _aالعكشة، خولة سابا,
_eauthor
_963705
245 0 0 _aوثائق عن الاتحاد العربي بين الأردن والعراق في أوراق سابا العكشة
250 _aط1
264 3 1 _aعمان: وزارة الثقافه، 2021
300 _a429ص
_bاصدارات مئوية الدولة الاردنية 2021
336 _atext
_btxt
_2rdacontent
337 _aunmediated
_bn
_2rdamedia
338 _avolume
_bnc
_2rdacarrier
650 4 _aالاتحادات العربيه-الاتفاقيات الدولية-العلاقات الدوليه-الأردن-والعراق
_963706
999 _aA28911
_c32479
_d32479